[Event "World Open"]
[Site "Philadelphia USA"]
[Date "2008.07.03"]
[Round "2"]
[White "Mikhalevski,V"]
[Black "Melekhina,A"]
[Result "1/2-1/2"]
[WhiteElo "2592"]
[BlackElo "2265"]

1.d4 Nf6 2.c4 g6 3.Nc3 Bg7 4.e4 d6 5.Be2 O-O 6.Nf3 e5 7.O-O Nc6 8.d5 Ne7
9.b4 Nh5 10.Re1 f5 11.Ng5 Nf6 12.Bf3 c6 13.Be3 cxd5 14.cxd5 h6 15.Ne6 Bxe6
16.dxe6 fxe4 17.Nxe4 Nxe4 18.Bxe4 d5 19.Bc2 b6 20.Qg4 Rf6 21.Rad1 Qd6 22.Bb3 Rd8
23.b5 Qxe6 24.Qxe6+ Rxe6 25.Bc1 Kf7 26.Ba3 e4 27.g3 Re5 28.Rd4 Re6 29.Bxe7 Kxe7
30.Rxd5 Rxd5 31.Bxd5 Re5 32.Bxe4 Kf6 33.a4 Bf8 34.Kg2 Rc5 35.Re3 g5 36.Rf3+ Kg7
37.Rd3 Re5 38.Rd7+ Re7 39.Rd4 Re6 40.Rc4 Rf6 41.Rc8 Bc5 42.f3 Rf8 43.Rc6 Rf6
44.Kf1 Rxc6 45.bxc6 Bd6 46.Ke2 Kf6 47.Ke3 Ke6 48.f4 gxf4+ 49.gxf4 a6 50.h3 Bc7
51.Kf3 Bd6 52.Kg4 b5 53.f5+ Kf6 54.axb5 axb5 55.Kh5 Bf4 56.Bd3 b4 57.Bc2 b3
58.Bd3 b2 59.Bb1 Kg7 60.Kg4 Bc7 61.Kf3 Kf6 62.Ke4 Ke7 63.Kd5 Bb6 64.Be4 Bc7
65.Kc5 Bd8 66.Bc2 Bc7 67.Bb1 Bd8 68.Ba2 Kf6 69.Bb1 Ke7 70.Be4 Bc7 71.Kb5 Kd6
72.Ka6 b1=Q 73.Bxb1 Kxc6 74.f6 Bd6 75.Ba2 Kd7 76.Kb6 Ke8 77.Kc6 Bf4 78.Kd5 Kf8
79.Ke6 Bc1  1/2-1/2

[Event "Greek Cup Final"]
[Site "Kallithea GRE"]
[Date "2008.07.04"]
[Round "2"]
[White "Iotov,V"]
[Black "Pavlidis,Ana"]
[Result "1/2-1/2"]
[WhiteElo "2519"]
[BlackElo "2270"]

1.d4 Nf6 2.c4 g6 3.Nc3 Bg7 4.e4 O-O 5.Nf3 d6 6.Be2 e5 7.O-O Nc6 8.d5 Ne7
9.Ne1 Nd7 10.Be3 f5 11.f3 f4 12.Bf2 g5 13.Rc1 Ng6 14.c5 Nxc5 15.b4 Na6 16.Nb5 Bd7
17.a4 h5 18.Nd3 Bh6 19.Rc3 Rf7 20.Nxa7 Nh4 21.Nb5 Rg7 22.Qe1 Kh7 23.Kh1 Ng6
24.Qd1 Nh4 25.Qe1 Ng6 26.h3 g4 27.fxg4 hxg4 28.Bxg4 Bxg4 29.hxg4 Qg5 30.Qd1 Nh4
31.Ne1 Qxg4 32.Qxg4 Rxg4 33.Nxc7 Rc8 34.Nb5 Rxc3 35.Nxc3 Nxb4 36.Nf3 Nxf3
37.gxf3 Rg7 38.Nb5 Rd7 39.Bb6 Bf8 40.Rc1 Na6 41.Rc8 Kg7 42.Kg2 Be7 43.Kh3 Kf6
44.Kg4 Nb4 45.Nc7 Nd3 46.Ne6 Nc5 47.Bxc5 dxc5 48.a5 Bd6 49.Kh3 Rh7+ 50.Kg2 Ke7
51.Nxc5 Rg7+ 52.Kf2 Bxc5+ 53.Rxc5 Kd6 54.Rb5 Rh7 55.Rb1 Rh2+ 56.Kg1 Ra2 57.Rxb7 Rxa5
58.Rb3 Ra2 59.Rc3 Ra6 60.Rc8 Kd7 61.Rc2 Kd6 62.Kf2 Kd7 63.Ke2 Rh6 64.Kd3 Rh3
65.Rf2 Kd6 66.Kc4 Rh1 67.Rg2 Rc1+ 68.Kd3 Rd1+ 69.Ke2 Ra1 70.Rg5 Ra2+ 71.Kd3 Rf2
72.Kc4 Rc2+ 73.Kd3 Rf2 74.Rg6+ Kc5 75.Rc6+ Kb5 76.Re6 Rxf3+ 77.Kd2 Kc4 78.Rxe5 Kd4
79.Re8 Rf2+ 80.Ke1 Ra2 81.Rb8 Ke3 82.Rb3+ Kxe4 83.d6 Ra6 84.d7 Rd6 85.Rb4+ Kf3
86.Rb3+ Kg4 87.Kf1 Rxd7 88.Ra3 Rb7 89.Kf2 Rb2+ 90.Kf1  1/2-1/2

[Event "FSGM July"]
[Site "Budapest HUN"]
[Date "2008.07.05"]
[Round "1"]
[White "Toth,E"]
[Black "Kislik,E"]
[Result "1/2-1/2"]
[WhiteElo "2409"]
[BlackElo "2302"]

1.d4 Nf6 2.c4 g6 3.Nc3 Bg7 4.e4 d6 5.Be2 O-O 6.Nf3 e5 7.O-O Nc6 8.d5 Ne7
9.Bg5 h6 10.Bxf6 Bxf6 11.b4 Bg7 12.Nd2 f5 13.f3 h5 14.c5 Bh6 15.Nc4 Kh7 16.a4 Ng8
17.cxd6 cxd6 18.Nb5 Rf6 19.Qc2 Bd7 20.Kh1 Qe7 21.exf5 Bxf5 22.Bd3 a6 23.Bxf5 axb5
24.Nb6 Rxf5 25.Nxa8 Qh4 26.g3 Qxb4 27.Qc7+ Kh8 28.Qxb7 Qc3 29.Qxb5 Rxf3 30.a5 Rf2
31.Rxf2 Qxa1+ 32.Kg2 Be3 33.Rf1 Qa2+ 34.Kh1 Qc2 35.Qb1 Qc5 36.Qe4 Qxa5 37.Qxe3 Qxa8
38.Qf3 Ne7 39.Qf6+ Kg8 40.Qxe7 Qxd5+ 41.Kg1 Qc5+ 42.Rf2 Qc1+ 43.Kg2 Qc6+
44.Rf3 Qc2+ 45.Kh3 Qc8+ 46.Kg2 Qc2+ 47.Kh1 Qd1+ 48.Kg2 Qc2+ 49.Rf2 Qc6+ 50.Kf1 Qc1+  1/2-1/2

[Event "Sparkassen Open"]
[Site "Dortmund GER"]
[Date "2008.07.05"]
[Round "8"]
[White "Babczyk,A"]
[Black "Skutta,B"]
[Result "0-1"]
[WhiteElo "2033"]
[BlackElo "2077"]

1.e4 g6 2.d4 Bg7 3.Nf3 d6 4.c4 Nf6 5.Nc3 O-O 6.Be2 e5 7.O-O Nc6 8.d5 Ne7
9.b4 Nh5 10.c5 Nf4 11.cxd6 cxd6 12.Bxf4 exf4 13.Rc1 f5 14.Bd3 Qb6 15.e5 Bd7
16.Qb3 h6 17.a4 a5 18.Bb5 Rfd8 19.Bxd7 Rxd7 20.Nb5 Nc8 21.e6 Re7 22.Rc2 axb4
23.Qxb4 Na7 24.Qxf4 Nxb5 25.axb5 Ree8 26.g4 Qxb5 27.gxf5 Ra4 28.Qg3 gxf5
29.h3 Rc4 30.Rxc4 Qxc4 31.Qxd6 Bf6 32.e7 Rxe7 33.Nd2 Rg7+ 34.Kh2 Qc3 35.Qe6+ Kh8
36.Qxf5 Rg5 37.Qe6 Be5+ 38.Kh1 Qxd2 39.Qe8+ Kh7 40.Qe7+ Bg7 41.Qe4+ Kg8 42.Qe8+ Bf8
43.Qe6+ Kh8 44.h4 Qxd5+ 45.Qxd5 Rxd5 46.Rc1 b5 47.Rc8 Kg7 48.Kg2 b4 49.Rb8  0-1

[Event "ch-NOR Elite"]
[Site "Tonsberg NOR"]
[Date "2008.07.07"]
[Round "3"]
[White "Hole,O"]
[Black "Hansen,TR"]
[Result "0-1"]
[WhiteElo "2387"]
[BlackElo "2382"]

1.Nf3 Nf6 2.c4 g6 3.Nc3 Bg7 4.e4 d6 5.d4 O-O 6.Be2 e5 7.O-O Nc6 8.d5 Ne7
9.b4 Nh5 10.Re1 f5 11.Ng5 Nf4 12.Bxf4 exf4 13.Rc1 Bf6 14.Ne6 Bxe6 15.dxe6 Bxc3
16.Rxc3 fxe4 17.Bf1 e3 18.fxe3 fxe3 19.Rcxe3 c6 20.Qd4 Nf5 21.Qe4 Qf6 22.e7 Rfe8
23.Qe6+ Qf7 24.Qd7 Nxe3 25.Rxe3 a5 26.b5 cxb5 27.cxb5 Rac8 28.Qxd6 Rc1 29.Rf3 Qxe7
30.Qd5+ Kg7 31.Qb3 Qc5+ 32.Kh1 Rf8 33.Qd3 Rxf3 34.gxf3 b6 35.a4 h5 36.Kg2 Qc2+  0-1

[Event "FSGM July"]
[Site "Budapest HUN"]
[Date "2008.07.08"]
[Round "4"]
[White "Berczes,D"]
[Black "Rajlich,I"]
[Result "0-1"]
[WhiteElo "2458"]
[BlackElo "2417"]

1.d4 Nf6 2.c4 g6 3.Nc3 Bg7 4.e4 d6 5.Nf3 O-O 6.Be2 e5 7.O-O Nc6 8.Be3 Ng4
9.Bg5 f6 10.Bh4 Nh6 11.dxe5 dxe5 12.Qb3 g5 13.Rad1 Bd7 14.c5+ Kh8 15.Bg3 Qc8
16.Nd5 Be6 17.Qa4 Ng8 18.h4 g4 19.Ne1 Nce7 20.Nc2 h5 21.Nde3 Qe8 22.Qxe8 Rfxe8
23.f3 Nh6 24.fxg4 hxg4 25.Nb4 f5 26.Bc4 Bxc4 27.Nxc4 a5 28.Nd5 Nxd5 29.Rxd5 f4
30.Be1 g3 31.Bc3 Ng4 32.Rd7 Nf2 33.Rxc7 Nxe4 34.Nd6 Nxc3 35.bxc3 Rf8 36.Ne4 Rab8
37.Rd1 Rfd8 38.Rdd7 Rxd7 39.Rxd7 Kh7 40.Nd6 Kg6 41.Kf1 Bf8 42.Nxb7 Rc8 43.Rd5 Kf6
44.c4 Ke6 45.c6 Kf5 46.Nxa5 Bb4 47.Nb3 Ke4 48.Rb5 Bc3 49.Nc5+ Ke3 50.Na4 Bd4
51.c5 Rxc6 52.Rb6 Rc8 53.h5 e4 54.Rb3+ Kd2 55.Rb4 Bxc5 56.Rxe4 Be3  0-1

[Event "FSGM July"]
[Site "Budapest HUN"]
[Date "2008.07.10"]
[Round "6"]
[White "Berczes,D"]
[Black "Toth,E"]
[Result "1-0"]
[WhiteElo "2458"]
[BlackElo "2409"]

1.d4 Nf6 2.c4 g6 3.Nc3 Bg7 4.e4 d6 5.Nf3 O-O 6.Be2 e5 7.O-O Nc6 8.Be3 Ng4
9.Bg5 f6 10.Bh4 g5 11.Bg3 Nh6 12.dxe5 fxe5 13.Nd5 Nf7 14.h3 Nd4 15.Rc1 Ne6
16.Ne1 Nh8 17.Bg4 Ng6 18.Nc2 Ngf4 19.Kh2 Kh8 20.b3 Bd7 21.Bf5 Nc5 22.Bxd7 Qxd7
23.f3 Nce6 24.b4 a5 25.a3 axb4 26.axb4 b5 27.Nce3 Nd4 28.cxb5 Rfc8 29.Bxf4 gxf4
30.Nf5 Nxf5 31.exf5 Rab8 32.Qd3 Rxb5 33.Rxc7 Rxc7 34.Nxc7 Rxb4 35.Ne6 Bf6
36.Rc1 Bh4 37.Rc7 Qe8 38.f6 e4 39.f7  1-0

[Event "FSGM July"]
[Site "Budapest HUN"]
[Date "2008.07.10"]
[Round "6"]
[White "Prohaszka,P2"]
[Black "Kislik,E"]
[Result "1/2-1/2"]
[WhiteElo "2509"]
[BlackElo "2302"]

1.d4 Nf6 2.c4 g6 3.Nc3 Bg7 4.e4 d6 5.Be2 O-O 6.Nf3 e5 7.O-O Nc6 8.d5 Ne7
9.Bg5 h6 10.Bxf6 Bxf6 11.b4 Kg7 12.c5 Ng8 13.Nd2 Be7 14.c6 b6 15.Bd3 Nf6
16.Be2 Ne8 17.Rb1 Bg5 18.Nc4 h5 19.Rb3 Nf6 20.Nb2 h4 21.Re1 Rh8 22.a4 a6
23.h3 Nh5 24.Bg4 Nf4 25.Bxc8 Rxc8 26.Ne2 Nh5 27.Rf1 Qe7 28.Qd3 Ra8 29.Nd1 Nf6
30.Ndc3 Rh5 31.Ra1 Bh6 32.Kf1 Ng8 33.Ng1 Qd8 34.Nf3 Kh8 35.Qe2 Ne7 36.Ke1 Bg7
37.Kd1 Bf6 38.Kc2 Kg7 39.a5 b5  1/2-1/2

[Event "Inautomarket Open"]
[Site "Minsk BLR"]
[Date "2008.07.10"]
[Round "1"]
[White "Dydyshko,V"]
[Black "Elkin,L"]
[Result "1-0"]
[WhiteElo "2583"]
[BlackElo "2201"]

1.d4 Nf6 2.c4 g6 3.Nc3 Bg7 4.e4 d6 5.Nf3 O-O 6.Be2 e5 7.O-O Nc6 8.d5 Ne7
9.Ne1 Nd7 10.Nd3 f5 11.Bd2 Nf6 12.f3 Kh8 13.a4 h5 14.c5 dxc5 15.Nxe5 Nxe4
16.Nxg6+ Nxg6 17.fxe4 Qh4 18.Qe1 Bd7 19.Qxh4 Nxh4 20.Bg5 Ng6 21.Bxh5 Bd4+
22.Kh1 Kg7 23.exf5 Bxf5 24.Rf3 Ne5 25.Rg3 Bf2 26.Bf4+ Bxg3 27.Bxg3 Nd3 28.Nb5 Nxb2
29.Nxc7 Rad8 30.Ne6+ Kh6 31.Nxd8 Kxh5 32.Nxb7 c4 33.Nd6 Bd3 34.Be5 Nxa4 35.g4+ Kxg4
36.Rxa4 Kh3 37.Ra1 Be2 38.Kg1 Bf3 39.Nxc4 Bxd5 40.Ne3 Rg8+ 41.Bg3 Be4 42.Nd1  1-0

[Event "60th ch-MNE"]
[Site "Cetinje MNE"]
[Date "2008.07.11"]
[Round "5"]
[White "Nikcevic,N"]
[Black "Djukic,Ni"]
[Result "0-1"]
[WhiteElo "2401"]
[BlackElo "2545"]

1.Nf3 Nf6 2.c4 g6 3.Nc3 Bg7 4.e4 d6 5.d4 O-O 6.Be2 e5 7.O-O Nc6 8.d5 Ne7
9.a4 a5 10.Ne1 Nd7 11.Nd3 b6 12.Nb5 f5 13.f3 h5 14.exf5 Nxf5 15.Nf2 Bh6 16.Bxh6 Nxh6
17.Bd3 Kg7 18.Ne4 Nf6 19.Qd2 Nxe4 20.Bxe4 Bd7 21.Rac1 Bf5 22.Bxf5 Nxf5 23.f4 e4
24.Rce1 Re8 25.Nd4 Qf6 26.Ne6+ Rxe6 27.dxe6 Qxe6 28.Qd5 Re8 29.Re2 e3 30.Qxe6 Rxe6
31.b3 Nd4 32.Rb2 Kf6 33.Re1 Kf5 34.g3  0-1

[Event "Aegean Open"]
[Site "Aghios Kirykos GRE"]
[Date "2008.07.12"]
[Round "1"]
[White "Lekic,D"]
[Black "Kapagiannidis,D"]
[Result "1-0"]
[WhiteElo "2377"]
[BlackElo "1909"]

1.d4 Nf6 2.c4 g6 3.Nc3 Bg7 4.e4 d6 5.Nf3 O-O 6.Be2 e5 7.O-O Nc6 8.d5 Ne7
9.Ne1 Ne8 10.Be3 f5 11.f3 f4 12.Bf2 g5 13.c5 Rf7 14.cxd6 cxd6 15.Rc1 Bf8
16.Qb3 Rg7 17.Nb5 a6 18.Na7 b5 19.Nxc8 Nxc8 20.g4 Nf6 21.Nd3 h5 22.h3 hxg4
23.hxg4 Na7 24.Nb4 a5 25.Nc6 a4 26.Nxd8 axb3 27.Ne6 Rb7 28.axb3 Bh6 29.Ra1  1-0

[Event "Aegean Open"]
[Site "Aghios Kirykos GRE"]
[Date "2008.07.18"]
[Round "7"]
[White "Shneider,Alek"]
[Black "Zakurdjaeva,I"]
[Result "1-0"]
[WhiteElo "2537"]
[BlackElo "2308"]

1.d4 Nf6 2.c4 g6 3.Nc3 Bg7 4.e4 d6 5.Be2 O-O 6.Nf3 e5 7.O-O Nc6 8.d5 Ne7
9.b4 Nh5 10.g3 f5 11.Ng5 Nf6 12.Bf3 h6 13.Ne6 Bxe6 14.dxe6 fxe4 15.Nxe4 Nxe4
16.Bxe4 c6 17.Be3 d5 18.cxd5 cxd5 19.Bg2 Kh7 20.Bc5 e4 21.Rc1 Rf6 22.Bxe7 Qxe7
23.Qxd5 Rxe6 24.Rc7 Qxc7 25.Qxe6 Rf8 26.Bxe4 Rf6 27.Qg4 Bf8 28.h4 Kg7 29.h5 g5
30.Rd1 Rd6 31.Rxd6 Qxd6 32.Qf5 Qb6 33.a3 Qd6 34.Bxb7 Be7 35.Be4 Qd1+ 36.Kg2 Qd6
37.Qh7+ Kf8 38.Bg6 Qd5+ 39.Kh2 Bf6 40.Be4 Qd4 41.Kg2 Bg7 42.Qf5+ Ke7 43.Bd5 Qe5
44.Qf7+ Kd6 45.Bf3 Qd4 46.Qf5 Qe5 47.Qc8 Qd4 48.Qb7 Bf6 49.Qc6+ Ke7 50.Bd5 Qb6
51.Qc2 Qd6 52.Qh7+ Kd8 53.Qg8+ Kc7 54.Qh7+ Kd8 55.Qe4 Qe5 56.Qc4 Qd4 57.Qc6 Qb6
58.Qa8+ Ke7 59.Qg8 Bd4 60.Qf7+ Kd8 61.Be4 Qf6 62.Qd5+ Ke7 63.Bf3 Bb6 64.Qe4+ Kf8
65.Qc2 Qd4 66.Qf5+ Ke7 67.Bd5 Qf6 68.Qc2 Qd4 69.Bb7 Qd7 70.Ba8 Qd4 71.a4 Qxb4
72.Qh7+ Kd8 73.Qxh6 Qe7 74.Qh8+ Kc7 75.Qc3+ Kb8 76.Bf3 Qc5 77.Qb2 Qd4 78.Qe2 Qf6
79.Qc2 Bd4 80.Qe4 Kc7 81.h6 Qe5 82.Qb7+ Kd8 83.h7 Qg7 84.Qd5+ Ke7 85.Bg4 Qf6
86.Qd7+ Kf8 87.Bf3 Qg7 88.Qd8+ Kf7 89.Bd5+ Kg6 90.Be4+ Kf7 91.Qd5+ Ke7 92.Bf5 Qf6
93.Qd7+ Kf8 94.Kh3 g4+ 95.Kxg4  1-0

[Event "XIII Open"]
[Site "Balaguer ESP"]
[Date "2008.07.18"]
[Round "5"]
[White "Rubio Mejia,L"]
[Black "Trepat Herranz,J"]
[Result "1-0"]
[WhiteElo "2386"]
[BlackElo "2220"]

1.d4 Nf6 2.c4 g6 3.Nc3 Bg7 4.e4 d6 5.Nf3 O-O 6.Be2 e5 7.O-O Nc6 8.d5 Ne7
9.b4 Nh5 10.Re1 f5 11.Ng5 Nf6 12.Bf3 c6 13.Bb2 h6 14.Ne6 Bxe6 15.dxe6 fxe4
16.Nxe4 Nxe4 17.Rxe4 d5 18.cxd5 cxd5 19.Rxe5 Bxe5 20.Bxe5 Qb6 21.Bb2 Kh7
22.Qe2 Qd6 23.h4 Nf5 24.h5 Nh4 25.hxg6+ Nxg6 26.Rd1 Rf5 27.Qd3 Qf8 28.e7 Qf7
29.Bxd5 Rxd5 30.Qxd5 Qxe7 31.Bf6  1-0

[Event "Battle of Senta Open A"]
[Site "Senta SRB"]
[Date "2008.07.18"]
[Round "1"]
[White "Nestorovic,De"]
[Black "Boskovic,Z"]
[Result "1-0"]
[WhiteElo "2427"]
[BlackElo "2205"]

1.d4 Nf6 2.c4 g6 3.Nc3 Bg7 4.e4 d6 5.Nf3 O-O 6.Be2 e5 7.O-O Nc6 8.d5 Ne7
9.Bg5 Nh5 10.Ne1 Nf4 11.Nd3 Nxe2+ 12.Qxe2 h6 13.Be3 f5 14.f3 f4 15.Bf2 g5
16.c5 Rf7 17.Rac1 Bf8 18.cxd6 cxd6 19.Nb5 Ng6 20.Rc3 a6 21.Nc7 Bd7 22.Nxa8 Qxa8
23.Rfc1 Qd8 24.Rc7 Nh4 25.Rxb7 g4 26.Bxh4 Qxh4 27.Rcc7 gxf3 28.Qxf3 Qd8 29.Nb4 Rg7
30.Rxd7 Rxd7 31.Nc6 Qe8 32.Qg4+ Rg7 33.Qe6+ Qxe6 34.Rxg7+ Kxg7 35.dxe6 Kf6
36.Nb4 a5 37.Nd5+ Kxe6 38.Kf2 h5 39.Ke2 Kd7 40.Kd3 h4 41.h3 Kc6 42.Kc4 f3
43.gxf3 Bh6 44.Ne7+ Kd7 45.Nf5 Bc1 46.Kd5 Bxb2 47.Nxd6  1-0

[Event "Politiken Cup"]
[Site "Helsingor DEN"]
[Date "2008.07.19"]
[Round "1"]
[White "Eljanov,P"]
[Black "Svendsen,Pet"]
[Result "1-0"]
[WhiteElo "2716"]
[BlackElo "2014"]

1.d4 g6 2.c4 Bg7 3.Nf3 d6 4.Nc3 Nf6 5.e4 O-O 6.Be2 e5 7.O-O Nc6 8.d5 Ne7
9.b4 Nd7 10.c5 f5 11.Nd2 Nf6 12.Ba3 Rf7 13.b5 Kh8 14.Nc4 Ne8 15.b6 axb6 16.cxd6 cxd6
17.f3 Ng8 18.Qb3 Bf8 19.Rab1 fxe4 20.Nxb6 Ra5 21.Nxc8 Qxc8 22.Nxe4 Qa8 23.Bb2 Ngf6
24.Ng5 Re7 25.f4 exf4 26.Ne6 Bh6 27.Bc4 Kg8 28.Qh3 Bg7 29.Rxf4 Nxd5 30.Rbf1 Qa7+
31.Kh1 Nxf4  1-0

[Event "19th Czech Jihlavanka B Open"]
[Site "Pardubice CZE"]
[Date "2008.07.19"]
[Round "2"]
[White "Korsus,B"]
[Black "Belostotska,J"]
[Result "1-0"]
[WhiteElo "2263"]
[BlackElo "2089"]

1.d4 Nf6 2.c4 g6 3.Nc3 Bg7 4.e4 d6 5.Nf3 O-O 6.Be2 e5 7.O-O Nc6 8.d5 Ne7
9.Ne1 Ne8 10.Be3 f5 11.f3 f4 12.Bf2 g5 13.c5 h5 14.a4 Nf6 15.a5 Ng6 16.cxd6 cxd6
17.Nb5 g4 18.Rc1 Rf7 19.Nxa7 gxf3 20.Nxf3 Bd7 21.Bb6 Qe7 22.Ng5 Rff8 23.Ne6 Bxe6
24.dxe6 f3 25.Bxf3 Bh6 26.Rc3 Nf4 27.Nb5 Nxe6 28.Qxd6 Qxd6 29.Nxd6 Nd4 30.Nf5 Nxf5
31.exf5 e4 32.Be2 Bd2 33.Rg3+ Kh7 34.Bc5 Rfc8 35.Bd4 Rf8 36.Rd1 Bxa5 37.Rg6 Nd5
38.Bxh5 Rxf5 39.g4 Rf4 40.g5 Rd8 41.Rh6+  1-0

[Event "19th Czech Chladek & Tintera A Open"]
[Site "Pardubice CZE"]
[Date "2008.07.19"]
[Round "2"]
[White "Pinchuk,S"]
[Black "Chuprov,D"]
[Result "1/2-1/2"]
[WhiteElo "2413"]
[BlackElo "2577"]

1.Nf3 d6 2.d4 Nf6 3.c4 g6 4.Nc3 Bg7 5.e4 O-O 6.Be2 e5 7.O-O Nc6 8.d5 Ne7
9.b4 Nh5 10.Re1 f5 11.Ng5 Nf6 12.Bf3 fxe4 13.Ngxe4 Nxe4 14.Nxe4 Nf5 15.Bb2 a5
16.b5 b6 17.a4 h6 18.Ra3 Bd7 19.g3 g5 20.Bg4 Kh8 21.h3 Qe8 22.Bxf5 Bxf5 23.g4 Bg6
24.Bc1 Qe7 25.Kg2 Rf7 26.Rf3 Raf8 27.Rxf7 Qxf7 28.f3 Bf6 29.Qe2 Be7 30.Rh1 Qh7
31.Bd2 Kg8 32.Re1 h5 33.Qf2 hxg4 34.hxg4  1/2-1/2

[Event "19th Czech Chladek & Tintera A Open"]
[Site "Pardubice CZE"]
[Date "2008.07.19"]
[Round "2"]
[White "Korobov,A"]
[Black "Huschenbeth,N"]
[Result "1-0"]
[WhiteElo "2590"]
[BlackElo "2414"]

1.d4 Nf6 2.c4 g6 3.Nc3 Bg7 4.e4 d6 5.Nf3 O-O 6.Be2 e5 7.O-O Nc6 8.d5 Ne7
9.b4 Nh5 10.Re1 f5 11.Ng5 Nf6 12.f3 Kh8 13.c5 h6 14.Ne6 Bxe6 15.dxe6 d5 16.exd5 Nfxd5
17.Nxd5 Qxd5 18.Qxd5 Nxd5 19.Bc4 Nxb4 20.Rb1 Nc6 21.Be3 Rab8 22.Rbd1 Rfd8
23.Rd7 Rxd7 24.exd7 Bf8 25.f4 e4 26.Rb1 Rd8 27.Be6 Bg7 28.Rxb7 Nd4 29.Bc4 Nc2
30.Rxc7 Nxe3 31.Rc8 Bf6 32.c6 Kh7 33.Be6 Nc2 34.c7 e3 35.cxd8=Q  1-0

[Event "Ch-AY Boys U16"]
[Site "Tehran IRI"]
[Date "2008.07.19"]
[Round "5"]
[White "Dalir,A"]
[Black "Amarasena,K"]
[Result "1-0"]
[WhiteElo "2089"]
[BlackElo "1900"]

1.d4 Nf6 2.c4 g6 3.Nc3 Bg7 4.e4 d6 5.Nf3 O-O 6.Be2 e5 7.O-O Nc6 8.d5 Ne7
9.Ne1 Ne8 10.Nd3 f5 11.f3 f4 12.Bd2 g5 13.Rc1 h5 14.c5 Rf6 15.cxd6 cxd6 16.a4 Rg6
17.Nf2 Nf6 18.h3 Rh6 19.Nb5 Ne8 20.Qb3 Ng6 21.Rc2 Bf8 22.Rfc1 Rh7 23.Nxa7 Bxh3
24.Nc6 bxc6 25.dxc6+ Kh8 26.gxh3 Nc7 27.a5 Qc8 28.Qd3 Ne6 29.b4 Nd4 30.b5 Nxc2
31.Rxc2 Rc7 32.a6 Rb8 33.Ba5 Be7 34.Qc4 g4 35.fxg4 Bh4 36.Bxc7 Bxf2+ 37.Kxf2 Qxc7
38.Qe6 Qb6+ 39.Kf1 f3 40.Qxd6 fxe2+  1-0

[Event "ZMD Open"]
[Site "Dresden GER"]
[Date "2008.07.20"]
[Round "2"]
[White "Savchenko,S"]
[Black "Rosenblatt,M"]
[Result "1-0"]
[WhiteElo "2557"]
[BlackElo "1913"]

1.d4 Nf6 2.Nf3 g6 3.c4 Bg7 4.Nc3 O-O 5.e4 d6 6.Be2 e5 7.O-O Nc6 8.d5 Ne7
9.b4 Nh5 10.Re1 f5 11.Ng5 Nf4 12.Bxf4 exf4 13.Rc1 a5 14.b5 Kh8 15.Bf3 Rb8
16.Ne6 Bxe6 17.dxe6 c6 18.exf5 Rxf5 19.bxc6 bxc6 20.Ne4 d5 21.Nc5 Rb2 22.cxd5 cxd5
23.Nd7 d4 24.a4 h5 25.Be4 Rg5 26.Qf3 Ng8 27.Qxf4 Rg4 28.Qf7 Qh4 29.Rc8  1-0

[Event "31st Taminco Open"]
[Site "Ghent BEL"]
[Date "2008.07.20"]
[Round "4"]
[White "Legemaat,G"]
[Black "Regniers,G"]
[Result "1/2-1/2"]
[WhiteElo "2189"]
[BlackElo "2047"]

1.d4 Nf6 2.c4 g6 3.Nc3 Bg7 4.e4 d6 5.Nf3 O-O 6.Be2 e5 7.O-O Nc6 8.d5 Ne7
9.Ne1 Ne8 10.Be3 f5 11.f3 h6 12.Nd3 g5 13.Kh1 Ng6 14.c5 Nf4 15.Rc1 Rf6 16.b4 Rg6
17.g4 fxg4 18.fxg4 Nf6 19.Nf2 h5 20.gxh5 Rh6 21.Ng4 Bxg4 22.Bxg4 N4xh5 23.Qf3 Nf4
24.Rc2 Nxg4 25.Qxg4 Rh4 26.Qf5 Qe7 27.Rg1 Bf6 28.Rg4 Rh3 29.Bxf4 exf4 30.Rxg5+ Bxg5
31.Qxh3 Qf6 32.Qe6+ Qxe6 33.dxe6 f3 34.cxd6 cxd6 35.Nd5 Re8 36.Rf2 Rxe6 37.Rxf3 Rxe4
38.Rg3 Re5 39.Rd3 Kf7 40.a4 Re2 41.Nc3 Rd2 42.Rxd2 Bxd2 43.Nb5 Bxb4 44.Nxa7 d5
45.Kg2 Ke6 46.Kf3 Bd6 47.h3 Kf5 48.Nb5 Be5 49.Ke3 Ke6 50.Kd3 Kd7 51.h4 Kc6  1/2-1/2

[Event "31st Taminco Open"]
[Site "Ghent BEL"]
[Date "2008.07.20"]
[Round "4"]
[White "Van der Stricht,G"]
[Black "Van den Berg,B"]
[Result "1-0"]
[WhiteElo "2426"]
[BlackElo "2204"]

1.d4 Nf6 2.Nf3 g6 3.c4 Bg7 4.Nc3 d6 5.e4 O-O 6.Be2 e5 7.O-O Nc6 8.d5 Ne7
9.b4 Nh5 10.Re1 Nf4 11.Bf1 f5 12.Bxf4 exf4 13.e5 h6 14.Rc1 g5 15.e6 g4 16.Nd4 Be5
17.Qd3 a6 18.c5 Qe8 19.Nb3 Ng6 20.Na5 f3 21.g3 h5 22.Nc4 h4 23.cxd6 cxd6
24.Nxe5 Nxe5 25.Rxe5 dxe5 26.Qe3 Qg6 27.Qxe5 hxg3 28.hxg3 b5 29.Re1 Re8 30.Bd3 Rf8
31.e7 Re8 32.d6  1-0

[Event "XXVI Andorra Open"]
[Site "La Massana AND"]
[Date "2008.07.20"]
[Round "2"]
[White "Lopez Martinez,Josep"]
[Black "Muratet Casadevall,A"]
[Result "1-0"]
[WhiteElo "2531"]
[BlackElo "2189"]

1.d4 Nf6 2.c4 g6 3.Nc3 Bg7 4.e4 d6 5.Nf3 O-O 6.Be2 e5 7.O-O Nc6 8.d5 Ne7
9.Ne1 Nd7 10.Be3 f5 11.f3 f4 12.Bf2 g5 13.Nd3 Rf6 14.c5 Rh6 15.cxd6 cxd6
16.g4 fxg3 17.hxg3 Nf8 18.Qd2 Neg6 19.Rfc1 Bd7 20.Ne1 a6 21.Ng2 Nh8 22.Ne3 Nf7
23.b3 b5 24.a4 bxa4 25.Nxa4 Rb8 26.Rc3 a5 27.Nb2 Rb4 28.Nc2 Rb8 29.Nc4 a4
30.bxa4 Bxa4 31.N2e3 Bd7 32.Na5 Ra8 33.Rcc1 Qe8 34.Nc6 Rxa1 35.Rxa1 Nd8 36.g4 Nf7
37.Ra7 Rf6 38.Qa2 Nh6 39.Nc4 Kh8 40.Ra8 Qf7 41.Qa3  1-0

[Event "ch-AUT"]
[Site "Leoben AUT"]
[Date "2008.07.20"]
[Round "2"]
[White "Freitag,Ma"]
[Black "Schwarhofer,C"]
[Result "1-0"]
[WhiteElo "2408"]
[BlackElo "2227"]

1.d4 Nf6 2.c4 g6 3.Nc3 Bg7 4.e4 d6 5.Be2 O-O 6.Nf3 e5 7.O-O Nc6 8.d5 Ne7
9.Ne1 Nd7 10.Be3 f5 11.f3 f4 12.Bf2 g5 13.a4 Rf6 14.a5 Rh6 15.Nd3 Qe8 16.Kh1 Qh5
17.Bg1 Nf6 18.Nf2 Qe8 19.Ng4 Rg6 20.Nxf6+ Bxf6 21.Nb5 Qd8 22.c5 h5 23.cxd6 cxd6
24.Qc2 g4 25.Qc7 Qf8 26.Nxd6 g3 27.Rfc1 Bh3 28.Bf1 gxh2 29.Bxh2 Bg4 30.Rc3 Rg7
31.Qc5 b6 32.axb6 axb6 33.Rxa8 Qxa8 34.Qa3 Qb8 35.Bb5 Kh7 36.Ne8  1-0

[Event "Politiken Cup"]
[Site "Helsingor DEN"]
[Date "2008.07.21"]
[Round "4"]
[White "Carstensen,J"]
[Black "Rasmussen,U"]
[Result "1-0"]
[WhiteElo "2309"]
[BlackElo "2123"]

1.Nf3 Nf6 2.d4 g6 3.c4 Bg7 4.Nc3 O-O 5.e4 d6 6.Be2 e5 7.O-O Nc6 8.d5 Ne7
9.b4 Nh5 10.Re1 f5 11.Ng5 Nf6 12.Bf3 Kh8 13.Qd3 Neg8 14.Ba3 Qe7 15.Rad1 Bh6
16.Ne6 Bxe6 17.dxe6 fxe4 18.Nxe4 Qxe6 19.c5 Rad8 20.cxd6 cxd6 21.Nxd6 Rd7
22.Bb2 Bf4 23.g3 Rfd8 24.Qc4 Qxc4 25.Nxc4 Rxd1 26.Rxd1 Rxd1+ 27.Bxd1 Bh6
28.Nxe5 Kg7 29.Bb3 Kf8 30.Bd4 a6 31.Nf7 Bd2 32.Bc5+ Ne7 33.Nd8 b6 34.Ne6+ Ke8
35.Bxb6 Ned5 36.Bd4 Ke7 37.Nc5 Nxb4 38.Bxf6+ Kxf6 39.Ne4+  1-0

[Event "1st Open"]
[Site "Paleochora GRE"]
[Date "2008.07.21"]
[Round "1"]
[White "Henrichs,T"]
[Black "Panagiotakos,P"]
[Result "1-0"]
[WhiteElo "2491"]
[BlackElo "1891"]

1.d4 Nf6 2.c4 g6 3.Nc3 Bg7 4.e4 d6 5.Nf3 O-O 6.Be2 e5 7.O-O Nc6 8.d5 Ne7
9.Nd2 a5 10.a3 Nd7 11.Rb1 f5 12.b4 axb4 13.axb4 Nf6 14.f3 b6 15.Qc2 Bd7 16.c5 bxc5
17.bxc5 dxc5 18.Nc4 fxe4 19.fxe4 Ng4 20.h3 Rxf1+ 21.Bxf1 Nh6 22.Be3 Nf7 23.Bxc5 Nc8
24.Bf2 Ncd6 25.Nd2 Rb8 26.Nb3 Nb5 27.Nxb5 Bxb5 28.Na5 Ba4 29.Qa2 Rxb1 30.Qxb1 Nd6
31.Bd3 Qa8 32.Qb4 Be8 33.Bc5 Bf8 34.Kh2 Bd7 35.Qc3 Qe8 36.Bf2 Bb5 37.Bb1 Qe7
38.Bg3 Bg7 39.Qb4 Be8 40.Qb8 Kf7 41.Ba2 Kf6 42.Bb1 g5 43.Nb3 Bg6 44.Nc5 Kf7
45.Be1 Ne8 46.Ne6 Qf6 47.Bd3 h5 48.Bb5 Ke7 49.Bb4+  1-0

[Event "19th Czech Chladek & Tintera A Open"]
[Site "Pardubice CZE"]
[Date "2008.07.21"]
[Round "4"]
[White "Turov,M"]
[Black "Pedersen,Christi"]
[Result "1/2-1/2"]
[WhiteElo "2584"]
[BlackElo "2402"]

1.d4 Nf6 2.c4 g6 3.Nc3 Bg7 4.e4 d6 5.Nf3 O-O 6.Be2 e5 7.O-O Nc6 8.d5 Ne7
9.Nd2 a5 10.a3 c5 11.Rb1 Nd7 12.Nb5 Ra6 13.b4 f5 14.f3 Bh6 15.Nb3 Bxc1 16.Qxc1 axb4
17.axb4 Qb6 18.bxc5 Nxc5 19.Qe3 fxe4 20.Nxd6 Nxb3 21.c5 Nxd5 22.cxb6 Nxe3
23.Bxa6 Nxf1 24.Rxb3 Nd2 25.Rc3 exf3 26.gxf3 Nxf3+ 27.Kh1 Bh3 28.Bxb7 Ne1
29.Bd5+ Kg7 30.Rc7+ Kh6 31.Rf7 Rb8 32.b7 Nd3 33.Rc7 Nf4 34.Bf3 Be6 35.Rc5 Nd3
36.Rc7 e4 37.Bxe4 Nf2+ 38.Kg1 Nxe4 39.Nxe4 Bd5 40.Nc5 Bf3 41.Kf2 Bd5 42.Ke3 Re8+
43.Kd3 Rb8 44.Ke2 Re8+ 45.Kf2  1/2-1/2

[Event "XIII Open"]
[Site "Balaguer ESP"]
[Date "2008.07.22"]
[Round "9"]
[White "Rubio Mejia,L"]
[Black "Douriet,A"]
[Result "0-1"]
[WhiteElo "2386"]
[BlackElo "2302"]

1.d4 Nf6 2.c4 g6 3.Nc3 Bg7 4.e4 d6 5.Nf3 O-O 6.Be2 e5 7.O-O Nc6 8.d5 Ne7
9.b4 a5 10.Ba3 Nd7 11.bxa5 Rxa5 12.Bb4 Ra8 13.a4 Bh6 14.Nd2 f5 15.Bf3 Kh8
16.Re1 Ng8 17.a5 Rf7 18.Nb3 Ndf6 19.c5 Ng4 20.cxd6 cxd6 21.Bxg4 fxg4 22.Na4 Nf6
23.Nb6 Ra6 24.Ra2 g3 25.hxg3 Bg4 26.Qd3 Ne8 27.Rc2 Bg5 28.Bd2 Kg7 29.Rec1 h5
30.Bxg5 Qxg5 31.Qd2 Qd8 32.f3 Rxb6 33.axb6 Qxb6+ 34.Kh2 Qxb3 35.fxg4 hxg4
36.Rb2 Qa4 37.Qb4 Qd7 38.Kg1 Nf6 39.Rf1 Re7 40.Rb3 Nh5 41.Qb6 Nf6 42.Qb4 Qd8
43.Rc3 Ne8 44.Rc4 Rd7 45.Qd2 Nf6 46.Qe3 Qa5 47.Kh2 Qd8 48.Qg5 Rf7 49.Rb4 Qh8+
50.Kg1 Qb8 51.Kh2 Qh8+ 52.Qh4 Qd8 53.Rb2 Qe7 54.Rbf2 b5 55.Qg5 Qd8 56.Qe3 b4
57.Qb3 Qb6 58.Qc4 Rc7 59.Qd3 Rf7 60.Rb2 Rf8 61.Rff2 Rh8+ 62.Kg1 Ra8 63.Qc4 Ra1+
64.Kh2 Qb8 65.Rf1 Rxf1 66.Qxf1 Nxe4 67.Qc4 Qh8+ 68.Kg1 Nxg3 69.Rxb4 Qh1+
70.Kf2 Nf5 71.Qxg4 Qc1 72.Re4 Qc5+ 73.Ke2 Qxd5 74.Kf1 Qxe4  0-1